000 00510nam a2200181Ia 4500
005 20250508150507.0
008 008 250505s9999 xx 000 0 eng d
037 _aTextual
040 _aFEDL
_beng
_cFEDL
041 _aeng
_2eng
084 _a372.2153, MAP
_qFEDL
100 _aMapes Mary A
_9756810
245 0 _aFun with your child
260 _aGarden City, USA
_bGarden City Publishing Company
_c1943
300 _a189p.
942 _cTEXL
_h372.2153, MAP
999 _c1323894
_d1323894